Metalliferous sediments of the world ocean : fundamental theory of deep-sea hydrothermal sedimentation /
"The monograph describes the distribution, composition and accumulation rates of recent and ancient metalliferous sediments and their components in the oceans and the Red Sea. The processes influencing the formation of composition of metal-bearing matter of the metalliferous sediments, from hydrothe...
Saved in:
| Main Author: | |
|---|---|
| Format: | Book |
| Language: | English German |
| Published: |
Berlin ; New York :
Springer,
[2006], ©2006.
|
| Subjects: | |
| Online Access: |
Notre Dame Online Access Online Access Online Access |
| Summary: | "The monograph describes the distribution, composition and accumulation rates of recent and ancient metalliferous sediments and their components in the oceans and the Red Sea. The processes influencing the formation of composition of metal-bearing matter of the metalliferous sediments, from hydrothermal effluence to accumulation on the ocean floor, are considered, and known patterns in distribution of chemical element contents in the metalliferous sediments are explained. The influence of various natural factors on the formation of metalliferous strata is shown quantitatively. Metalliferous sediments allow the reconstruction of the intensity and position of past hydrothermal activity and associated mineral formation in the ocean. Furthermore, the most probable positions of buried hydrothermal accumulations are reconstructed. The book is aimed at geologists, ore geologists, marine geologists and geochemists, oceanographers including paleo-ceanographers, as well as at undergraduate and graduate students."--Jacket. |
MARC
| LEADER | 00000cam a22000004a 4500 | ||
|---|---|---|---|
| 001 | 002554021 | ||
| 005 | 20260604194140.0 | ||
| 008 | 050707t20062006gw ab b 001 0 eng | ||
| 010 | |a 2005930336 | ||
| 015 | |a 05,N36,0611 |2 dnb | ||
| 015 | |a 06,A03,1014 |2 dnb | ||
| 016 | 7 | |a 976028212 |2 DE-101 | |
| 020 | |a 9783540278696 | ||
| 020 | |a 3540278699 | ||
| 024 | 3 | |a 9783540278696 | |
| 028 | 5 | 2 | |a 10996812 |
| 035 | |a (OCoLC)62462362 | ||
| 035 | |a (ndu)002554021 | ||
| 040 | |a DLC |b eng |c DLC |d OHX |d AZS |d BAKER |d IXA |d YUS |d STF |d BTCTA |d YDXCP |d LVB |d IG# |d GEBAY |d DEBBG |d OCLCF |d SOI |d UV1 |d OCLCQ |d DHA |d OCLCQ |d OCLCO |d UtOrBLW | ||
| 041 | 1 | |a eng |h ger | |
| 042 | |a pcc | ||
| 049 | |a INDU | ||
| 050 | 0 | 0 | |a GC380.15 |b .G87 2006 |
| 072 | 7 | |a QE |2 lcco | |
| 072 | 7 | |a GC |2 lcco | |
| 082 | 0 | 0 | |a 551.46/86 |2 22 |
| 084 | |a 550 |2 sdnb | ||
| 084 | |a TH 6000 |2 rvk | ||
| 100 | 1 | |a Gurvich, E. G. |q (Evgeniĭ Girshevich) |0 http://id.loc.gov/authorities/names/n91115499 | |
| 240 | 1 | 0 | |a Metallonosnye osadki Mirovogo okeana. |l English |0 http://id.loc.gov/authorities/names/no2006016529 |
| 245 | 1 | 0 | |a Metalliferous sediments of the world ocean : |b fundamental theory of deep-sea hydrothermal sedimentation / |c Evgeny G. Gurvich. |
| 260 | |a Berlin ; |a New York : |b Springer, |c [2006], ©2006. | ||
| 300 | |a xiii, 416 pages : |b illustrations, maps ; |c 24 cm | ||
| 336 | |a text |b txt |2 rdacontent |0 http://rdaregistry.info/termList/RDAContentType/1020 | ||
| 337 | |a unmediated |b n |2 rdamedia |0 http://rdaregistry.info/termList/RDAMediaType/1007 | ||
| 338 | |a volume |b nc |2 rdacarrier |0 http://rdaregistry.info/termList/RDACarrierType/1049 | ||
| 340 | |p map |2 rdaill |0 http://rdaregistry.info/termList/IllusContent/1008 | ||
| 340 | |p illustration |2 rdaill |0 http://rdaregistry.info/termList/IllusContent/1014 | ||
| 599 | 9 | 9 | |a new |d 20100324 |
| 599 | 9 | 9 | |a auth |d 20100324 |
| 504 | |a Includes bibliographical references (pages 367-410) and index. | ||
| 505 | 0 | |a Recent metalliferous sediments in the oceans -- Metalliferous sediments of the Red Sea -- Ancient metalliferous sediments in the oceans -- Formation of composition of metalliferous sediments, formation of metalliferous strata -- Reconstruction of the history of hydrothermal activity and mineral formation in the oceans based on the studies of metalliferous sediments. | |
| 520 | |a "The monograph describes the distribution, composition and accumulation rates of recent and ancient metalliferous sediments and their components in the oceans and the Red Sea. The processes influencing the formation of composition of metal-bearing matter of the metalliferous sediments, from hydrothermal effluence to accumulation on the ocean floor, are considered, and known patterns in distribution of chemical element contents in the metalliferous sediments are explained. The influence of various natural factors on the formation of metalliferous strata is shown quantitatively. Metalliferous sediments allow the reconstruction of the intensity and position of past hydrothermal activity and associated mineral formation in the ocean. Furthermore, the most probable positions of buried hydrothermal accumulations are reconstructed. The book is aimed at geologists, ore geologists, marine geologists and geochemists, oceanographers including paleo-ceanographers, as well as at undergraduate and graduate students."--Jacket. | ||
| 650 | 0 | |a Marine sediments. |0 http://id.loc.gov/authorities/subjects/sh85081264 | |
| 650 | 0 | |a Sediments (Geology) |0 http://id.loc.gov/authorities/subjects/sh85119509 | |
| 650 | 0 | |a Ore deposits. |0 http://id.loc.gov/authorities/subjects/sh85095412 | |
| 650 | 7 | |a Marine sediments. |2 fast |0 (OCoLC)fst01009957 |0 http://id.worldcat.org/fast/1009957 | |
| 650 | 7 | |a Ore deposits. |2 fast |0 (OCoLC)fst01047477 |0 http://id.worldcat.org/fast/1047477 | |
| 650 | 7 | |a Sediments (Geology) |2 fast |0 (OCoLC)fst01111007 |0 http://id.worldcat.org/fast/1111007 | |
| 856 | 4 | 1 | |3 Table of contents |u http://www.loc.gov/catdir/toc/fy0607/2005930336.html |y Notre Dame Online Access |t 0 |
| 856 | 4 | 2 | |3 Publisher description |u http://www.loc.gov/catdir/enhancements/fy0663/2005930336-d.html |y Online Access |t 0 |
| 856 | 4 | 2 | |3 Contributor biographical information |u http://www.loc.gov/catdir/enhancements/fy0818/2005930336-b.html |y Online Access |t 0 |
| 994 | |a C0 |b IND | ||
| 902 | |a MARS | ||
| 999 | f | f | |i a7884d00-05f0-52ae-be1d-b753cac92509 |s 930c31a7-e2ff-406e-b9cb-1c2e11946451 |t 0 |
| 952 | f | f | |p Circulating |a University of Notre Dame |b University of Notre Dame |c Annex |s Annex |d Annex |t 0 |e GC 380.15 .G87 2006 |h Library of Congress classification |i Book |m 00000027888080 |